The Bauhaus : Weimar, Dessau, Berlín, Chicago

Detalles Bibliográficos
Autor principal: Wingler, Hans María
Formato: Libro
Lenguaje:Ingl�s
Publicado: Cambridge, Massachussets ; London : The MIT Press, 1986
Edición:7ma. ed.
Materias:
Etiquetas: Agregar Etiqueta
Sin Etiquetas, Sea el primero en etiquetar este registro!

MARC

LEADER 00000nam#a22000001a#4500
001 00035370
003 AR-BaUAD
005 20240916135048.0
008 231006s1986####xxuaeo|##||||||||#||eng|d
020 |a 0262730472 
040 |a AR-BaUAD  |b spa  |c AR-BaUAD 
041 |a eng 
044 |c us  |2 ISO3166-1 
080 |a 7.038.16 
080 |a 72 
080 |a 72.01 
100 1 |a Wingler, Hans María 
245 1 4 |a The Bauhaus :  |b Weimar, Dessau, Berlín, Chicago 
250 |a 7ma. ed. 
260 |a Cambridge, Massachussets ; London :  |b The MIT Press,  |c 1986 
300 |a 658 p. :  |b il., dib., fot., gráf., láms., planos, plantas, vistas 
505 |a The documents of the Bauhaus -- 1. The prehistory of Bauhaus -- 2. Bauhaus Weimar -- 3. Bauhaus Weimar (1923-1925) -- 4. The transfer from Weimar to Dessau -- 5. Bauhaus Dessau. The Gropius era -- 6. Bauhaus Dessau. The Hannes Meyer era -- 7. Bauhaus Dessau. The Mies van der Rohe era -- 8. Bauhaus Berlín -- 9. The new Bauhaus. 1937-1938. School of design in Chicago 1939-1944 -- Illustrations. 
500 |a Preface: p. ix. 
500 |a Contents: p. xi-xv. 
500 |a Origin and history of the Bauhaus: p. xviii. 
504 |a Bibliography: p. 627-647. 
504 |a Bibliographical supplement, 1968-1975: p. 648-652. 
500 |a Picture credits: p. 653. 
500 |a Index: p. 654-658. 
653 |a BAUHAUS 
653 |a ARTE 
653 |a ARQUITECTURA 
653 |a DISEÑO 
653 |a HISTORIA 
653 |a ESCUELAS DE DISEÑO 
653 |a GROPIUS, WALTER 
653 |a MIES VAN DER ROHE, LUDWIG 
653 |a ALBERS, JOSEF 
653 |a ALEMANIA 
653 |a BERLIN 
653 |a DESSAU 
653 |a WEIMAR 
653 |a ESTADOS UNIDOS 
653 |a CHICAGO 
653 |a SIGLO XX 
653 |a DECADA DE 1920 
653 |a DECADA DE 1930 
653 |a DECADA DE 1940 
655 |a TEXTO 
852 |c 62-1 
952 |0 0  |1 0  |4 0  |6 621  |7 0  |9 43511  |a AR-BaUAD  |b AR-BaUAD  |d 2023-10-06  |e Donac. Arq. Reinaldo Leiro  |g 31400.00  |i 36965  |l 0  |o 62-1  |p 36965  |r 2024-09-16 13:50:48  |w 2024-09-16  |y BK 
990 |a Ej. N° 1 : 36965 . 2023-10-06 -- Donac. Arq. Reinaldo Leiro -- (31400 pesos).  |b ADM 
990 |a AQ196  |b TD 
990 |a A196  |b TD 
990 |a DI196  |b TD 
990 |a RNJ  |b OP 
990 |a AAQ00035370  |b CC 
998 |a AAQ  |b Bibun 76 
942 |c BKS 
999 |c 23345  |d 23345